Труды ЦАГИ. Вып. 2822: Анализ вариантов структурного построения силовой части систем управления современных пассажирских самолетов (Запись № 13409115)

Подробности
000 -МАРКЕР
контрольное поле 01606nam2a2200277 4500
001 - ИДЕНТИФИКАТОР ЗАПИСИ
контрольное поле RU\NLR\BIBL_A\022540379
005 - ИДЕНТИФИКАТОР ВЕРСИИ
контрольное поле 20260408222124.0
035 ## - ДРУГИЕ СИСТЕМНЫЕ НОМЕРА
Идентификатор записи (NLR Aleph) 022540379
100 ## - ДАННЫЕ ОБЩЕЙ ОБРАБОТКИ
Данные общей обработки 20250514d2024 |||y0rusy50 ca
101 0# - ЯЗЫК РЕСУРСА
Язык текста, звукозаписи и т.д. русский
102 ## - СТРАНА ПУБЛИКАЦИИ ИЛИ ПРОИЗВОДСТВА
Страна публикации Российская Федерация
105 ## - ПОЛЕ КОДИРОВАННЫХ ДАННЫХ: ТЕКСТОВЫЕ МАТЕРИАЛЫ, МОНОГРАФИЧЕСКИЕ
Кодированные данные о монографическом текстовом документе a z 000yy
200 1# - ЗАГЛАВИЕ И СВЕДЕНИЯ ОБ ОТВЕТСТВЕННОСТИ
Основное заглавие Анализ вариантов структурного построения силовой части систем управления современных пассажирских самолетов
Первые сведения об ответственности Р. И. Терехов
210 ## - ПУБЛИКАЦИЯ, РАСПРОСТРАНЕНИЕ И ДР.
Дата издания, распространения и т.д. 2024
215 ## - ФИЗИЧЕСКАЯ ХАРАКТЕРИСТИКА
Специфическое обозначение материала и объем 32, [1] с.
Другие сведения о физической характеристике ил., цв. ил.
Размеры 29
320 ## - ПРИМЕЧАНИЯ О НАЛИЧИИ В ДОКУМЕНТЕ БИБЛИОГРАФИИ / УКАЗАТЕЛЯ
Текст примечания Библиогр. в конце кн.: с. [33] (18 назв.)
461 #0 - УРОВЕНЬ НАБОРА
Встроенное поле 001RU\NLR\INFOCOMM31\5000085815
-- 2001#$aТруды ЦАГИ$fЦентр. аэрогидродинам. ин-т им. проф. Н.Е. Жуковского$vВып. 2822
Системный номер (АБИС) связанной записи 3998286
Автор Центральный аэрогидродинамический институт им. Н. Е. Жуковского (Москва)
Место публикации М.
Дата публикации 1923 -
Первые сведения об ответственности Центр. аэрогидродинам. ин-т им. проф. Н.Е. Жуковского
Имя издателя, распространителя и т.д. Изд-во Бюро новой техники НКАП
Заглавие Труды ЦАГИ
ISSN 2588-0098
Номер тома Вып. 2822
606 ## - НАИМЕНОВАНИЕ ТЕМЫ КАК ПРЕДМЕТ
Наименование темы Самолеты
Тематический подзаголовок Управление
-- Гидромеханические системы
-- Надёжность
Идентификатор авторитетной/нормативной записи RU\NLR\AUTH\6601755262
Системный номер авторитетной/нормативной записи 2667235
686 1# - ИНДЕКСЫ ДРУГИХ КЛАССИФИКАЦИЙ
Индекс О53-047.06-021.1
700 #1 - ИМЯ ЛИЦА - ПЕРВИЧНАЯ ОТВЕТСТВЕННОСТЬ
Начальный элемент ввода Терехов
Часть имени, кроме начального элемента ввода Р. И.
Расширение инициалов личного имени Роман Игоревич
852 ## - МЕСТОНАХОЖДЕНИЕ И ШИФР ХРАНЕНИЯ
Идентификатор организации NLR
Шифр хранения (Call Number) П11/665
942 ## - ДОПОЛНИТЕЛЬНЫЕ ЭЛЕМЕНТЫ ЗАПИСИ (АБИС)
Тип экземпляра АБИС Выпуск
980 ## - КОЛЛЕКЦИЯ
Название коллекции Русская периодика
980 ## - КОЛЛЕКЦИЯ
Название коллекции Национальная библиография

Нет доступных экземпляров.